| 000 | 00523ntaaa2200193 4500 | ||
|---|---|---|---|
| 003 | 01 | ||
| 005 | 20251027202749.0 | ||
| 008 | 0714s1973 ag 01 | ||
| 020 | _a0311266096 | ||
| 040 |
_aAR-BaBN _bspa _cAR-BaBN _eaacr _dRIC |
||
| 082 | _a793.7320 C88c | ||
| 245 | _aCrucigramas biblicos y otras actividades | ||
| 250 | _a1 ed. | ||
| 260 |
_aEl Paso : _bCasa Bautista de Publicaciones, _c1982 |
||
| 300 |
_a79 p ; _cilu. : 28 cm |
||
| 650 |
_aeducación cristiana _9405 |
||
| 700 |
_aGranberry, Nola _927752 |
||
| 942 | _cBK | ||
| 999 |
_c22921 _d22921 |
||